000 01012nam a2200253 i 4500
001 bg
245 0 0 _aLokalizacja przedsiębiorstw a konkurencyjność /
_cpod red. Ireny Fierli, Kazimierza Kucińskiego.
260 _aWarszawa :
_bOficyna Wydawnicza Szkoły Głównej Handlowej,
_c2001.
300 _a210 s. :
_bil. ;
_c24 cm.
490 1 _aMateriały i Prace Instytutu Funkcjonowania Gospodarki Narodowej,
_x0239-9512 ;
_vt. 26
650 9 _aPrzedsiębiorstwo
_xkonkurencyjność
_zPolska
_yod 1989 r.
650 9 _aPrzedsiębiorstwo
_xorganizacja
_zPolska
_yod 1989 r.
650 9 _aPrzemysł
_xgeografia
_zPolska
700 1 _aFierla, Irena
_d(1933- ).
_eRed.
700 1 _aKuciński, Kazimierz.
_eRed.
830 _aMateriały i Prace Instytutu Funkcjonowania Gospodarki Narodowej,
_x0239-9512 ;
022 _a02399512
040 _cBPK
041 _apol
044 _aPOL
080 _a658.1/.5:339.137:913(438):338.45:332.122](438)"1989/..."
942 _cKS
008 090821s2001 pl a f |000 0 pol
999 _c56691
_d56691
856 _uhttp://koha.tu.koszalin.pl/cgi-bin/koha/opac-detail.pl?biblionumber=56691
_yKatalog online BPK